00726nam a2200181 a 450000100100000000500170001000800410002704000250006808200160009310000500010924500990015926000470025830000210030550400320032670000550035895201140041399900170052700002521820240304185510.0110211s2009 dr r 000 0 spa d aDO-SdBNPbspacBNPHU axxxxbS583e1 a Silié Gatón, José A., d1920-2014974710aÉtica Profesional /cJosé A. Silié Gatón ; prólogo Víctor Melitón Rodríguez R. aSanto Domingo :bLa Filantrópica,c2009. a224 p. ;c20 cm. aBibliografía : p. 223-2241 aRodríguez R., Víctor Melitón,epról.97367 0010718PDaPDbPDcHDd2011-02-11iLF1l0oxxxx S583ep25218-10r2020-06-25w2020-06-25yLFPDZNo se presta c24711d24711